Vplyv násilných obsahov PC hier na detského hráča
Vplyv počítačových hier na psychiku detského hráča. Možnosti prevencie obmedzenia týchto vplyvov - v európskom systéme pomocou PEGI a na Slovensku prostredníctvom projektu zodpovedne.sk.
Salvato in:
| Autore principale: | |
|---|---|
| Natura: | Capitolo di libro |
| Lingua: | slovacco |
| Soggetti: | |
| Tags: |
Nessun Tag, puoi essere il primo ad aggiungerne!!
|
MARC
| LEADER | 00000nla$a2200000$$$4500 | ||
|---|---|---|---|
| 001 | 0147223 | ||
| 005 | 20221103134517.4 | ||
| 041 | 0 | |a slo | |
| 044 | |a SK | ||
| 245 | 1 | 0 | |a Vplyv násilných obsahov PC hier na detského hráča |c Lucia Škrivánková |
| 520 | |a Vplyv počítačových hier na psychiku detského hráča. Možnosti prevencie obmedzenia týchto vplyvov - v európskom systéme pomocou PEGI a na Slovensku prostredníctvom projektu zodpovedne.sk. | ||
| 610 | 2 | 0 | |a psychológia |
| 610 | 2 | 0 | |a osobnosť |
| 610 | 2 | 0 | |a správanie |
| 610 | 2 | 0 | |a prejavy |
| 610 | 2 | 0 | |a diskriminácia |
| 610 | 2 | 0 | |a hry |
| 610 | 2 | 0 | |a počítače |
| 610 | 2 | 0 | |a internet |
| 610 | 2 | 0 | |a komunikácia elektronická |
| 100 | 1 | |a Škrivánková, Lucia | |